| 000 | 00626nam a2200193 i 4500 | ||
|---|---|---|---|
| 001 | 51285 | ||
| 003 | ES-MaACL | ||
| 005 | 20240524062949.0 | ||
| 007 | t| | ||
| 008 | 030812s1942 sp ||||1| spa d | ||
| 100 | 0 |
_aChesterton, G. K., _d1874-1936 _938399 |
|
| 245 | 1 | 3 |
_aEl club de los incomprendidos / _cpor G.K. Chesterton ; [traducción de Rafael O'Collogan]. |
| 250 | _a2ª ed. | ||
| 260 |
_a[Barcelona : _bTartessos, _c1942] ( _fIndus. Gráf. Aleu y Domingo) |
||
| 300 |
_a244 p. ; _c18 cm. |
||
| 700 | 1 |
_aO'Collogan, Rafael. _986300 |
|
| 852 |
_aES-MaACL _jF-15618 _bR.19847 |
||
| 999 |
_c51285 _d51285 |
||